[Event "USCL Queens vs Seattle"]
[Site "Internet Chess Club"]
[Date "2009.10.07"]
[Round "6"]
[White "Milman, Lev"]
[Black "Serper, Gregory"]
[Result "0-1"]
[WhiteElo "2510"]
[BlackElo "2592"]
[PlyCount "80"]
[EventDate "2009.??.??"]

1. e4 e6 2. d4 d5 3. Nc3 dxe4 4. Nxe4 Be7 5. Nf3 Nf6 6. Bd3 Nxe4 7. Bxe4 c5 8.
Be3 Nd7 9. Qe2 O-O 10. O-O Qc7 11. c4 Nf6 12. Bd3 b6 13. Ne5 Bb7 14. Bf4 Bd6
15. dxc5 bxc5 16. Rad1 Rad8 17. Bb1 g6 18. g4 Ne4 19. Bxe4 Bxe5 20. Bh6 Bxe4
21. Qxe4 Bg7 22. Bxg7 Kxg7 23. b3 Kg8 24. Qe2 Qf4 25. h3 Rd4 26. Qe3 Qd6 27.
Rxd4 cxd4 28. Qe4 f5 29. Qb7 fxg4 30. hxg4 d3 31. Qg2 Qd4 32. Rd1 Rxf2 33. Qxf2
Qxg4+ 34. Kh2 Qxd1 35. Qf6 Qe2+ 36. Kg3 Qe3+ 37. Kg4 h5+ 38. Kh4 g5+ 39. Kxh5
Qh3+ 40. Kg6 Qf5+ 0-1

[Event "USCL Queens vs Seattle"]
[Site "Internet Chess Club"]
[Date "2009.10.07"]
[Round "6"]
[White "Sinanan, Joshua"]
[Black "Katz, Benjamin"]
[Result "1-0"]
[WhiteElo "2284"]
[BlackElo "2139"]
[PlyCount "95"]
[EventDate "2009.??.??"]

1. d4 e6 2. c4 d5 3. Nc3 Nf6 4. Nf3 c5 5. cxd5 Nxd5 6. e4 Nxc3 7. bxc3 cxd4 8.
cxd4 Bb4+ 9. Bd2 Bxd2+ 10. Qxd2 O-O 11. Bc4 Nd7 12. O-O b6 13. Rad1 Nf6 14.
Rfe1 Bb7 15. Qf4 Rc8 16. Bb3 Qc7 17. Qh4 h6 18. Ne5 Rfd8 19. f3 b5 20. Qf2 a5
21. a4 b4 22. Nc4 Ba6 23. Rc1 Bxc4 24. Rxc4 Qa7 25. Rec1 Rxc4 26. Rxc4 Nd7 27.
Rc6 Nf6 28. Rc5 Nd7 29. Rc1 Nf6 30. d5 Qxf2+ 31. Kxf2 exd5 32. exd5 Kf8 33. Rc5
Ra8 34. Ke3 Ke7 35. Kd4 Ra7 36. Rc6 Kd7 37. Kc5 Ne8 38. d6 f6 39. Bc2 Ke6 40.
g4 Ke5 41. Bf5 Nxd6 42. Rxd6 Kf4 43. Be4 Rc7+ 44. Kb6 Rc3 45. Kxa5 b3 46. Kb4
Re3 47. a5 b2 48. Rd1 1-0

[Event "USCL New Jersey vs Baltimore"]
[Site "Internet Chess Club"]
[Date "2009.11.09"]
[Round "11"]
[White "Enkhbat, Tegshsuern"]
[Black "Ippolito, Dean"]
[Result "1/2-1/2"]
[WhiteElo "2430"]
[BlackElo "2535"]
[PlyCount "62"]
[EventDate "2009.??.??"]

1. d4 d5 2. c4 c6 3. Nf3 Nf6 4. Qb3 dxc4 5. Qxc4 Bf5 6. g3 e6 7. Bg2 Nbd7 8.
Nc3 Be7 9. O-O O-O 10. Re1 Ne4 11. Qb3 Qb6 12. Nh4 Qxb3 13. axb3 Bb4 14. Nxf5
exf5 15. Bxe4 fxe4 16. Bd2 Rfe8 17. Nxe4 Rxe4 18. Bxb4 Rxd4 19. Bc3 Re4 20.
Red1 Nf6 21. e3 a6 22. Ra4 Rxa4 23. bxa4 Nd5 24. e4 Nxc3 25. bxc3 Kf8 26. Rd7
Re8 27. f3 Re7 28. Rd8+ Re8 29. Rd7 Re7 30. Rd8+ Re8 31. Rd7 Re7 1/2-1/2

[Event "USCL New York vs Boston"]
[Site "Internet Chess Club"]
[Date "2009.11.09"]
[Round "11"]
[White "Krasik, Ilya"]
[Black "Norowitz, Yaacov"]
[Result "1/2-1/2"]
[WhiteElo "2252"]
[BlackElo "2354"]
[PlyCount "83"]
[EventDate "2009.??.??"]

1. d4 Nf6 2. Nf3 d5 3. c4 e6 4. Nc3 Be7 5. Bf4 O-O 6. e3 Nbd7 7. a3 c5 8. dxc5
Nxc5 9. cxd5 Nxd5 10. Nxd5 exd5 11. Be5 Bf6 12. Bxf6 Qxf6 13. Qd4 Qe7 14. Rd1
Bf5 15. b4 Ne6 16. Qxd5 Bc2 17. Rc1 Rac8 18. Be2 Rfd8 19. Qa5 Bd3 20. Rxc8 Rxc8
21. Qe5 Qd7 22. Bd1 Qc6 23. Qb2 Qe4 24. Qe5 Qc4 25. Qb2 Qe4 26. Qe5 Qg4 27. h3
Qxg2 28. Rg1 Qxh3 29. Nd4 Bg6 30. Bg4 Qh6 31. Nxe6 Re8 32. Bf5 fxe6 33. Bxg6
hxg6 34. Qe4 g5 35. Qxb7 Qf6 36. Qc6 Rd8 37. Ke2 Qf5 38. Rg3 g4 39. e4 Rd2+ 40.
Kxd2 Qxf2+ 41. Kd1 Qxg3 42. Qe8+ 1/2-1/2

[Event "USCL New York vs Boston"]
[Site "Internet Chess Club"]
[Date "2009.11.09"]
[Round "11"]
[White "Herman, Matt"]
[Black "Martirosov, Vadim"]
[Result "0-1"]
[WhiteElo "2275"]
[BlackElo "2235"]
[PlyCount "100"]
[EventDate "2009.??.??"]

1. e4 c5 2. Nf3 Nc6 3. Bb5 g6 4. c3 Bg7 5. O-O d6 6. h3 Bd7 7. Re1 a6 8. Bf1
Nf6 9. d4 cxd4 10. cxd4 O-O 11. Nc3 b5 12. e5 Ne8 13. Bf4 dxe5 14. dxe5 Be6 15.
Rc1 Nc7 16. Qe2 Nd4 17. Qe4 Nxf3+ 18. Qxf3 Bd5 19. Qe3 b4 20. Nxd5 Nxd5 21. Qe4
e6 22. Bd2 Qb6 23. Rc4 Rfc8 24. Rec1 Rxc4 25. Bxc4 a5 26. Bg5 Re8 27. Bxd5 exd5
28. Qxd5 Bxe5 29. Rc6 Qd4 30. Qxd4 Bxd4 31. Rc2 Kg7 32. Kf1 h6 33. Bd2 Re5 34.
b3 g5 35. g4 Kg6 36. Rc6+ f6 37. Ra6 Rc5 38. Be1 h5 39. Ke2 h4 40. f4 gxf4 41.
Bxh4 Be5 42. Be1 Rc2+ 43. Kf3 Rxa2 44. h4 Rb2 45. Rxa5 Rxb3+ 46. Kg2 f3+ 47.
Kf2 Bd4+ 48. Kf1 f2 49. Bxf2 Rf3 50. h5+ Kh6 0-1

[Event "USCL New Jersey vs Baltimore"]
[Site "Internet Chess Club"]
[Date "2009.11.09"]
[Round "11"]
[White "Battsetseg, Tsagaan"]
[Black "Finn, Sean"]
[Result "0-1"]
[WhiteElo "2265"]
[BlackElo "2114"]
[PlyCount "92"]
[EventDate "2009.??.??"]

1. d4 Nf6 2. c4 g6 3. Nc3 Bg7 4. e4 d6 5. f3 Nbd7 6. Be3 a6 7. Qd2 O-O 8. Nh3
c5 9. d5 b5 10. Nf2 Ne5 11. Be2 bxc4 12. g4 Rb8 13. O-O a5 14. g5 Nfd7 15. f4
Nd3 16. Nxd3 cxd3 17. Bxd3 Qb6 18. b3 Ba6 19. Rac1 Qa7 20. Na4 Bxd3 21. Qxd3
Rb4 22. Rc4 Rfb8 23. Rfc1 Qa6 24. Bd2 Rxa4 25. bxa4 Nb6 26. Qb3 Rb7 27. R4c2
Bd4+ 28. Be3 Nxd5 29. Qxd5 Bxe3+ 30. Kh1 Bxc1 31. Rxc1 Rb2 32. Re1 e6 33. Qd1
Qc6 34. Qd3 d5 35. Qc3 Rb4 36. Qf6 Qd7 37. Qe5 c4 38. a3 Rb3 39. Rd1 c3 40. Rc1
d4 41. f5 gxf5 42. Rg1 c2 43. Kg2 Rb1 44. Rf1 c1=Q 45. Rxc1 Rxc1 46. Qb8+ Rc8
0-1

[Event "USCL Arizona vs San Francisco"]
[Site "Internet Chess Club"]
[Date "2009.11.11"]
[Round "11"]
[White "Adamson, Robby"]
[Black "Naroditsky, Daniel"]
[Result "0-1"]
[WhiteElo "2340"]
[BlackElo "2371"]
[PlyCount "80"]
[EventDate "2009.??.??"]

1. e4 c5 2. Nf3 d6 3. d4 cxd4 4. Nxd4 Nf6 5. Nc3 a6 6. Bg5 e6 7. f4 Qb6 8. Nb3
Qe3+ 9. Qe2 Ng4 10. Nd1 Qxe2+ 11. Bxe2 Nf6 12. Nc3 Nc6 13. O-O-O Be7 14. Bf3 h6
15. Bh4 Rg8 16. Bf2 Nd7 17. Rhe1 Rb8 18. Ne2 Kd8 19. Kb1 Kc7 20. c4 b6 21. Nc3
Nc5 22. Nc1 b5 23. cxb5 axb5 24. N3e2 b4 25. Nd4 Nxd4 26. Bxd4 Ba6 27. Re3 f6
28. Be2 Bb7 29. Bxc5 dxc5 30. Bc4 Rgd8 31. Rde1 Rd2 32. Rg3 Rd4 33. Bxe6 Rxe4
34. Rxe4 Bxe4+ 35. Ka1 Rd8 36. Bb3 g5 37. Re3 f5 38. g3 c4 39. Ba4 Bf6 40. Ne2
Rd2 0-1

[Event "USCL Arizona vs San Francisco"]
[Site "Internet Chess Club"]
[Date "2009.11.11"]
[Round "11"]
[White "Bhat, Vinay"]
[Black "Rensch, Daniel"]
[Result "1-0"]
[WhiteElo "2504"]
[BlackElo "2434"]
[PlyCount "105"]
[EventDate "2009.??.??"]

1. d4 Nf6 2. c4 e6 3. Nf3 b6 4. g3 Bb7 5. Bg2 Be7 6. O-O O-O 7. d5 exd5 8. Nh4
Ne4 9. cxd5 Bxh4 10. Bxe4 Bf6 11. Qc2 g6 12. Bh6 Re8 13. Nc3 Na6 14. a3 Bg5 15.
Bxg5 Qxg5 16. Bg2 c5 17. Ne4 Qe5 18. f4 Qd4+ 19. e3 Qxe3+ 20. Kh1 Rxe4 21. Bxe4
Re8 22. Rfe1 Qd4 23. Rad1 Qf6 24. Qa4 Re7 25. Bg2 d6 26. Rxe7 Qxe7 27. f5 gxf5
28. Rf1 Nc7 29. Rxf5 Nxd5 30. Qe4 Qe6 31. h4 Kg7 32. Rg5+ Kf6 33. Rxd5 Bxd5 34.
Qxd5 Qe5 35. Qf3+ Ke7 36. Qc3 Ke6 37. Kg1 d5 38. Qxe5+ Kxe5 39. Kf2 b5 40. Ke3
f5 41. Bf3 a5 42. Be2 c4 43. Bf3 b4 44. a4 d4+ 45. Kd2 f4 46. g4 d3 47. b3 cxb3
48. Kxd3 b2 49. Kc2 Kd4 50. g5 Ke3 51. Ba8 f3 52. Bxf3 Kxf3 53. h5 1-0

[Event "USCL Arizona vs San Francisco"]
[Site "Internet Chess Club"]
[Date "2009.11.11"]
[Round "11"]
[White "Ramirez, Alejandro"]
[Black "Wolff, Patrick"]
[Result "1/2-1/2"]
[WhiteElo "2601"]
[BlackElo "2623"]
[PlyCount "103"]
[EventDate "2009.??.??"]

1. d4 d5 2. c4 dxc4 3. Nf3 a6 4. e3 b5 5. a4 Bb7 6. b3 e6 7. axb5 axb5 8. Rxa8
Bxa8 9. bxc4 bxc4 10. Bxc4 Nf6 11. O-O Nbd7 12. Nc3 Bb4 13. Qb3 Bd6 14. Nb5 O-O
15. Nxd6 cxd6 16. Ba3 Ne4 17. d5 Ndc5 18. Qc2 Bxd5 19. Bxd5 exd5 20. Bb2 Qa5
21. Nd4 Qd2 22. Qxd2 Nxd2 23. Rd1 Nc4 24. Ba1 Ra8 25. Nf5 f6 26. Ne7+ Kf7 27.
Nxd5 Ra2 28. Bd4 Nb3 29. Bc3 Rc2 30. g4 Ne5 31. h3 Nc5 32. Kg2 Ned3 33. Be1 Ke6
34. Nb4 Nxe1+ 35. Rxe1 Rb2 36. Nc6 Ne4 37. Re2 Rxe2 38. Nd4+ Ke5 39. Nxe2 d5
40. Nd4 g6 41. h4 Nc3 42. Kf3 Ne4 43. Ke2 Kd6 44. f3 Nc5 45. f4 Ne4 46. Nf3 h5
47. gxh5 Ng3+ 48. Kf2 Nxh5 49. Nd4 f5 50. Nf3 Ke6 51. Ne5 Kf6 52. Kf3 1/2-1/2

[Event "USCL Arizona vs San Francisco"]
[Site "Internet Chess Club"]
[Date "2009.11.11"]
[Round "11"]
[White "Liou, Yian"]
[Black "Martinez, Leo"]
[Result "1-0"]
[WhiteElo "2149"]
[BlackElo "2230"]
[PlyCount "151"]
[EventDate "2009.??.??"]

1. e4 Nf6 2. e5 Nd5 3. d4 d6 4. c4 Nb6 5. exd6 exd6 6. Nc3 Be7 7. Bd3 O-O 8.
Nge2 Nc6 9. O-O Bg5 10. f4 Bf6 11. d5 Ne7 12. Qc2 g6 13. Ng3 c6 14. dxc6 Nxc6
15. Be3 d5 16. cxd5 Nb4 17. Qd2 N6xd5 18. Nxd5 Nxd5 19. Bc5 Be7 20. Bxe7 Nxe7
21. Rad1 Bg4 22. Be2 Qxd2 23. Rxd2 Be6 24. b3 Rfd8 25. Rfd1 Rxd2 26. Rxd2 Rc8
27. Bf3 b6 28. Kf2 Kg7 29. Ne4 Rc7 30. Nd6 Rc5 31. g4 h6 32. Ne8+ Kf8 33. Nf6
Kg7 34. Ne8+ Kf8 35. Nf6 Nc6 36. Ne4 Rc1 37. Nd6 Ke7 38. f5 gxf5 39. gxf5 Bd7
40. Nxf7 Bxf5 41. Nxh6 Bb1 42. Bxc6 Rxc6 43. Ng4 Rc5 44. Ne3 Ra5 45. a4 Be4 46.
Rd4 Bc6 47. h4 Ke6 48. Ke2 Re5 49. Kd2 Ke7 50. Rf4 Bb7 51. Nc4 Rh5 52. Kc3 Bd5
53. Ne3 Be6 54. b4 a5 55. bxa5 Rxa5 56. Rb4 Rc5+ 57. Kd3 Ra5 58. Kc3 Rc5+ 59.
Kb2 Re5 60. Nc2 Bd7 61. Kb3 Rh5 62. Nd4 Kd8 63. Ne2 Be6+ 64. Kb2 Bd7 65. Nf4
Ra5 66. h5 Ke7 67. h6 Kf7 68. h7 Kg7 69. Ng6 Kxh7 70. Nf8+ Kg7 71. Nxd7 Kf7 72.
Nxb6 Ke6 73. Nc4 Rh5 74. a5 Kd7 75. a6 Rh6 76. Nb6+ 1-0

[Event "USCL San Francisco vs Miami"]
[Site "Internet Chess Club"]
[Date "2009.11.16"]
[Round "12"]
[White "Pruess, David"]
[Black "Moreno Roman, Alejandro"]
[Result "0-1"]
[WhiteElo "2418"]
[BlackElo "2331"]
[PlyCount "32"]
[EventDate "2009.??.??"]

1. e4 e5 2. f4 Nc6 3. Nc3 exf4 4. d4 Qh4+ 5. Ke2 d5 6. Nf3 Bg4 7. exd5 O-O-O 8.
dxc6 Nf6 9. cxb7+ Kb8 10. Qe1 Bxf3+ 11. gxf3 Re8+ 12. Ne4 Qh5 13. Kf2 Nxe4+ 14.
Kg1 Bb4 15. Qxb4 Qxf3 16. Qe1 Ng3 0-1

[Event "USCL San Francisco vs Miami"]
[Site "Internet Chess Club"]
[Date "2009.11.16"]
[Round "12"]
[White "Rodriguez, Eric"]
[Black "Liou, Yian"]
[Result "1-0"]
[WhiteElo "2290"]
[BlackElo "2149"]
[PlyCount "65"]
[EventDate "2009.??.??"]

1. d4 f5 2. c4 Nf6 3. Nc3 d6 4. Bg5 Nbd7 5. Qc2 g6 6. h4 h6 7. Bd2 e5 8. dxe5
Nxe5 9. O-O-O Be6 10. Nh3 Qd7 11. b3 O-O-O 12. Nf4 Bf7 13. f3 Bg7 14. e3 g5 15.
hxg5 hxg5 16. Rxh8 Bxh8 17. Nd3 Bg6 18. Nxe5 dxe5 19. g4 Qh7 20. gxf5 Bxf5 21.
e4 Bd7 22. Bxg5 Qh5 23. Qd2 c6 24. Be2 Qf7 25. Qe3 b6 26. c5 b5 27. Rd6 Rg8 28.
Bxb5 cxb5 29. c6 Bh3 30. Nxb5 a6 31. Rxf6 Qxf6 32. Bxf6 Bxf6 33. Qa7 1-0

[Event "USCL San Francisco vs Miami"]
[Site "Internet Chess Club"]
[Date "2009.11.16"]
[Round "12"]
[White "Lugo, Blas"]
[Black "Bhat, Vinay"]
[Result "0-1"]
[WhiteElo "2351"]
[BlackElo "2504"]
[PlyCount "76"]
[EventDate "2009.??.??"]

1. e4 e5 2. Nf3 Nc6 3. Bc4 Nf6 4. d3 Be7 5. Nc3 d6 6. a4 O-O 7. O-O Bg4 8. h3
Bh5 9. Be3 Qd7 10. Nd5 Nxd5 11. Bxd5 Bg6 12. Nh2 Nd8 13. f4 exf4 14. Bxf4 Ne6
15. Be3 c6 16. Ba2 d5 17. exd5 cxd5 18. Qf3 Rfd8 19. Ng4 Qd6 20. Rae1 h5 21.
Nh2 Bf6 22. Qf2 Be5 23. Nf3 Bg3 24. Qd2 Bxe1 25. Rxe1 Rac8 26. c3 Qa6 27. Ne5
Bh7 28. Bb3 f6 29. Nf3 Bxd3 30. Qf2 Bg6 31. Nh4 Be4 32. Bxa7 Re8 33. Bb6 Rc6
34. a5 Qb5 35. Bd1 Ng5 36. Bxh5 Re5 37. Bd4 Nxh3+ 38. gxh3 Rxh5 0-1

[Event "USCL New Jersey vs New York"]
[Site "Internet Chess Club"]
[Date "2009.11.18"]
[Round "12"]
[White "Norowitz, Yaacov"]
[Black "Finn, Sean"]
[Result "1-0"]
[WhiteElo "2354"]
[BlackElo "2114"]
[PlyCount "75"]
[EventDate "2009.??.??"]

1. d4 g6 2. Nf3 Bg7 3. e3 Nh6 4. g3 O-O 5. Bg2 f6 6. e4 Nf7 7. O-O e5 8. c4 d6
9. Nc3 Nc6 10. Be3 f5 11. dxe5 Nfxe5 12. Nxe5 Bxe5 13. Qd2 Bg7 14. Rad1 Qf6 15.
Nd5 Qf7 16. b3 fxe4 17. Bxe4 Re8 18. Bg2 Ne5 19. f4 Ng4 20. Bd4 Bxd4+ 21. Qxd4
c6 22. h3 cxd5 23. Bxd5 Be6 24. hxg4 Bxd5 25. Qxd5 Qxd5 26. Rxd5 Re3 27. Kg2
Rae8 28. Rf3 Re2+ 29. Rf2 R2e3 30. Rxd6 Rc3 31. Kh3 Ree3 32. Rg2 g5 33. fxg5
Re1 34. Rdd2 Kg7 35. Rd7+ Kg6 36. Rgd2 Rg1 37. R2d6+ Kxg5 38. Rg7# 1-0

[Event "USCL Miami vs New York"]
[Site "Internet Chess Club"]
[Date "2009.12.07"]
[Round "13"]
[White "Moreno Roman, Alejandro"]
[Black "Herman, Matt"]
[Result "0-1"]
[WhiteElo "2331"]
[BlackElo "2275"]
[PlyCount "72"]
[EventDate "2009.??.??"]

1. d4 d5 2. c4 c6 3. Nf3 Nf6 4. Nc3 e6 5. Bg5 h6 6. Bxf6 Qxf6 7. g3 Nd7 8. Bg2
dxc4 9. O-O e5 10. d5 Nb6 11. Ne4 Qe7 12. dxc6 bxc6 13. Qc2 Qc7 14. Ned2 Be6
15. Nxe5 Qxe5 16. Bxc6+ Bd7 17. Bxa8 Nxa8 18. Nxc4 Qe6 19. Qb3 Nb6 20. Nxb6
axb6 21. Qc3 Be7 22. Rfd1 O-O 23. Rac1 Rc8 24. Qd3 Bc6 25. b3 Bc5 26. e3 Re8
27. Qc4 Qh3 28. Qf1 Qg4 29. h3 Qf3 30. Kh2 Re6 31. Rc4 Bd6 32. Rcd4 Bc7 33.
R4d2 Rxe3 34. Rd8+ Kh7 35. Qg1 Bxd8 36. fxe3 Qe2+ 0-1

[Event "USCL Miami vs New York"]
[Site "Internet Chess Club"]
[Date "2009.12.07"]
[Round "13"]
[White "Norowitz, Yaacov"]
[Black "Rodriguez, Eric"]
[Result "1/2-1/2"]
[WhiteElo "2354"]
[BlackElo "2290"]
[PlyCount "100"]
[EventDate "2009.??.??"]

1. d4 Nf6 2. e3 g6 3. Nf3 Bg7 4. Be2 O-O 5. O-O d6 6. b3 c5 7. Bb2 b6 8. c4 Bb7
9. Nc3 e6 10. Qc2 Na6 11. Rad1 Qe7 12. Qb1 Rfd8 13. Qa1 Rac8 14. dxc5 Nxc5 15.
Nd4 a6 16. h3 h6 17. Rfe1 Ne8 18. Rd2 f5 19. Bf3 e5 20. Bxb7 Qxb7 21. Nc2 b5
22. cxb5 axb5 23. Nb4 Rd7 24. Red1 g5 25. Ncd5 h5 26. f3 Rf7 27. Rf1 f4 28. Qd1
Qa7 29. Kh1 Bh6 30. Rc2 Ng7 31. e4 Nge6 32. Nd3 Rcf8 33. Nxc5 Nxc5 34. Qe2 Rb8
35. b4 Ne6 36. Rfc1 Qb7 37. Rc6 Bf8 38. a3 Qd7 39. Rb6 Rxb6 40. Nxb6 Qd8 41.
Nd5 g4 42. fxg4 Qh4 43. gxh5 Rg7 44. Rf1 Ng5 45. Nxf4 exf4 46. Bxg7 Bxg7 47.
Qxb5 f3 48. Qe8+ Kh7 49. Qg6+ Kh8 50. Qe8+ Kh7 1/2-1/2

[Event "USCL Blitz Tiebreak: Miami vs New York"]
[Site "Internet Chess Club"]
[Date "2009.12.07"]
[Round "13"]
[White "Rodriguez, Eric"]
[Black "Norowitz, Yaacov"]
[Result "0-1"]
[WhiteElo "2290"]
[BlackElo "2354"]
[PlyCount "100"]
[EventDate "2009.??.??"]

1. Nf3 c5 2. c4 b6 3. g3 Bb7 4. Bg2 g6 5. O-O Bg7 6. Nc3 Nf6 7. d4 Ne4 8. Nxe4
Bxe4 9. Be3 d6 10. Qd2 O-O 11. Rac1 Nc6 12. d5 Bxf3 13. Bxf3 Ne5 14. Bg2 a6 15.
h3 b5 16. b3 bxc4 17. bxc4 Rb8 18. f4 Rb2 19. Qd1 Nd7 20. Rc2 Rb4 21. Bd2 Qc7
22. e4 Rfb8 23. Bxb4 cxb4 24. e5 dxe5 25. f5 e4 26. Qe1 a5 27. Kh2 a4 28. Qxe4
Nc5 29. Qf3 b3 30. Re2 Bf6 31. fxg6 hxg6 32. axb3 axb3 33. h4 b2 34. Ree1 Rb3
35. Qg4 Be5 36. Bf3 Bf6 37. h5 Kg7 38. hxg6 fxg6 39. Kg2 Nd3 40. Be4 Nxe1+ 41.
Rxe1 g5 42. Rh1 Qxc4 43. Rh7+ Kf8 44. d6 e6 45. Rh1 b1=Q 46. Rxb1 Rxb1 47. Qf3
Rb2+ 48. Kh3 Kg7 49. d7 Rd2 50. Qh5 Qxe4 0-1

[Event "USCL Blitz Tiebreak: Miami vs New York"]
[Site "Internet Chess Club"]
[Date "2009.12.07"]
[Round "13"]
[White "Norowitz, Yaacov"]
[Black "Moreno Roman, Alejandro"]
[Result "0-1"]
[WhiteElo "2354"]
[BlackElo "2331"]
[PlyCount "84"]
[EventDate "2009.??.??"]

1. d4 Nf6 2. e3 g6 3. Nf3 Bg7 4. Be2 O-O 5. O-O d6 6. b3 Nc6 7. Bb2 e5 8. dxe5
Ng4 9. c4 Ngxe5 10. Nxe5 Nxe5 11. Qd2 Re8 12. Nc3 a5 13. Nd5 Be6 14. e4 c5 15.
Rad1 Nc6 16. Bxg7 Kxg7 17. Ne3 a4 18. f3 axb3 19. axb3 Nd4 20. Nc2 Ra2 21. Bd3
Qf6 22. Rb1 b5 23. Qd1 bxc4 24. bxc4 Bxc4 25. Bxc4 Rxc2 26. Rc1 Rb2 27. Qe1
Reb8 28. Qg3 Rd2 29. Rf2 Rxf2 30. Qxf2 Rb2 31. Qg3 h5 32. h4 Nc2 33. Bf1 Qd4+
34. Kh2 Ne3 35. Kh3 c4 36. Qe1 c3 37. Qxc3 Qxc3 38. Rxc3 Nxf1 39. Rd3 Rd2 40.
Ra3 Kf6 41. Ra7 Ke6 42. Rb7 Ne3 0-1

[Event "USCL Blitz Tiebreak: Miami vs New York"]
[Site "Internet Chess Club"]
[Date "2009.12.07"]
[Round "13"]
[White "Moreno Roman, Alejandro"]
[Black "Herman, Matt"]
[Result "1-0"]
[WhiteElo "2331"]
[BlackElo "2275"]
[PlyCount "93"]
[EventDate "2009.??.??"]

1. d4 d5 2. c4 c6 3. Nf3 Nf6 4. Nc3 e6 5. Bg5 h6 6. Bxf6 Qxf6 7. g3 Nd7 8. Bg2
dxc4 9. O-O e5 10. d5 Nb6 11. Ne4 Qe7 12. dxc6 bxc6 13. Qc2 Qe6 14. b3 cxb3 15.
axb3 Be7 16. Ra5 f6 17. Nc5 Bxc5 18. Qxc5 Bd7 19. Nd2 Kf7 20. Rfa1 Nc8 21. Ra6
Qd6 22. Qc2 Nb6 23. Ne4 Qc7 24. Nc5 Rhc8 25. h4 h5 26. Be4 Kg8 27. Bh7+ Kh8 28.
Bg6 Be8 29. Bxe8 Rxe8 30. Qg6 Kg8 31. Qxh5 Re7 32. Qg6 Qc8 33. Ne4 Nd5 34. Nd6
Qd7 35. Nf5 Re6 36. h5 Kh8 37. R6a4 e4 38. Kg2 Re5 39. Nh4 Qe7 40. Qg4 Kg8 41.
Ng6 Qe6 42. Nxe5 Qxe5 43. h6 g5 44. Rxa7 Rxa7 45. Rxa7 Ne7 46. Qh5 Nf5 47. Qf7+
1-0

[Event "USCL Blitz Tiebreak: Miami vs New York"]
[Site "Internet Chess Club"]
[Date "2009.12.07"]
[Round "13"]
[White "Moreno Roman, Alejandro"]
[Black "Kacheishvili, Giorgi"]
[Result "0-1"]
[WhiteElo "2331"]
[BlackElo "2666"]
[PlyCount "70"]
[EventDate "2009.??.??"]

1. e4 c5 2. Nf3 g6 3. d4 Bg7 4. dxc5 Qa5+ 5. c3 Qxc5 6. Na3 d6 7. Nb5 a6 8. Be3
Qc6 9. Nfd4 Qd7 10. Na3 Qc7 11. Nc4 Nd7 12. a4 b6 13. Be2 Bb7 14. f3 Ngf6 15.
O-O O-O 16. Qd2 e5 17. Nc2 d5 18. exd5 Nxd5 19. Bh6 Bxh6 20. Qxh6 Nf4 21. N2e3
Nxe2+ 22. Kh1 Nc5 23. Nf5 f6 24. Nxb6 Rad8 25. b4 Nd3 26. Nh4 Qxb6 27. Nxg6 Rf7
28. Nh4 Nf2+ 29. Rxf2 Qxf2 30. h3 Ng3+ 31. Kh2 Rd2 32. Rg1 Ne2 33. Rb1 Bxf3 34.
Qxd2 Qg3+ 35. Kh1 Qxh3# 0-1

[Event "USCL Blitz Tiebreak: Miami vs New York"]
[Site "Internet Chess Club"]
[Date "2009.12.07"]
[Round "13"]
[White "Kacheishvili, Giorgi"]
[Black "Lugo, Blas"]
[Result "1-0"]
[WhiteElo "2666"]
[BlackElo "2351"]
[PlyCount "97"]
[EventDate "2009.??.??"]

1. c4 e5 2. Nc3 Bb4 3. Nd5 Ba5 4. b4 c6 5. bxa5 cxd5 6. cxd5 Nf6 7. Bb2 d6 8.
e4 Qxa5 9. f3 Na6 10. Bc3 Qd8 11. Bxa6 bxa6 12. Ne2 O-O 13. O-O Nd7 14. d4 a5
15. dxe5 dxe5 16. Qd2 Ba6 17. Bxa5 Qh4 18. Rfc1 f5 19. Ng3 fxe4 20. Nxe4 Nf6
21. d6 Bb7 22. d7 Nxe4 23. fxe4 Bxe4 24. Re1 Bc6 25. Rad1 Bxd7 26. Qxd7 Qf2+
27. Kh1 Qxa2 28. Rxe5 Rf7 29. Qd5 Qxd5 30. Rexd5 Raf8 31. Kg1 h6 32. Bb4 Rb8
33. Rd8+ Rxd8 34. Rxd8+ Kh7 35. Bc5 Rc7 36. Be3 Re7 37. Kf2 Rf7+ 38. Ke2 Rb7
39. Ra8 Rb2+ 40. Kf3 Rb5 41. Rxa7 Rf5+ 42. Ke4 Rf6 43. Bd4 Rg6 44. g3 h5 45.
Kf5 Rg4 46. Rxg7+ Rxg7 47. Bxg7 h4 48. Be5 hxg3 49. hxg3 1-0